[Event "SERBIA CHESS OPEN 2021 - MASTERS"]
[Site "Belgrade, Hotel Metropol"]
[Date "2021.07.03"]
[Round "3.1"]
[White "Fedoseev, Vladimir"]
[Black "Caspi, Israel"]
[Result "1-0"]
[WhiteElo "2696"]
[BlackElo "2510"]
[PlyCount "93"]
[EventDate "2021.??.??"]

1. Nf3 d5 2. g3 g6 3. c4 dxc4 4. Qa4+ Nc6 5. Qxc4 Bg7 6. Bg2 Nh6 7. Nc3 Nf5 8.
O-O O-O 9. d3 e5 10. Bg5 Nce7 11. Nh4 Nxh4 12. Qxh4 f6 13. Qc4+ Kh8 14. Be3 Nf5
15. Bc5 Re8 16. e3 c6 17. Rfd1 Be6 18. Qa4 Qd7 19. d4 exd4 20. e4 Nh6 21. Bxd4
Qe7 22. h3 Nf7 23. Kh2 Ne5 24. f4 Nc4 25. Qc2 Red8 26. b3 Nd6 27. Qe2 b6 28. e5
Nf5 29. exf6 Bxf6 30. Bxf6+ Qxf6 31. Ne4 Qg7 32. Ng5 Bg8 33. Rac1 Re8 34. Qd2
Ne3 35. Bxc6 Rad8 36. Qe2 Nxd1 37. Bxe8 Nc3 38. Qb2 Rd3 39. Bc6 h6 40. Nf3 Re3
41. Rc2 g5 42. fxg5 hxg5 43. Qc1 Qh7 44. Nxg5 Qd3 45. Bf3 Rxf3 46. Nxf3 Qxf3
47. Qb2 1-0

[Event "SERBIA CHESS OPEN 2021 - MASTERS"]
[Site "Belgrade, Hotel Metropol"]
[Date "2021.07.03"]
[Round "3.2"]
[White "Budisavljevic, Luka"]
[Black "Kuzubov, Yuriy"]
[Result "1/2-1/2"]
[WhiteElo "2509"]
[BlackElo "2653"]
[PlyCount "198"]
[EventDate "2021.??.??"]

1. d4 e6 2. c4 Nf6 3. Nc3 Bb4 4. e3 O-O 5. Bd2 d5 6. Nf3 b6 7. cxd5 exd5 8. Rc1
Bxc3 9. Bxc3 Bg4 10. Qc2 Nbd7 11. Bd3 Bxf3 12. gxf3 Re8 13. Rg1 Nf8 14. Kf1 c5
15. Bb5 Re6 16. Qf5 c4 17. e4 g6 18. exd5 Nxd5 19. Bxc4 Nxc3 20. bxc3 Rf6 21.
Qe4 Rc8 22. Bb3 Qd6 23. Rg3 Rf4 24. Qe3 h6 25. Kg2 g5 26. Qe5 Qxe5 27. dxe5 Rc5
28. Re1 Ng6 29. e6 fxe6 30. Rxe6 Kg7 31. Kf1 Rxc3 32. Rd6 Rc7 33. Rg4 Rxf3 34.
Rgd4 Ne5 35. Re6 Ng6 36. Red6 Rfc3 37. Rd7+ Kf8 38. R4d6 Rxd7 39. Rxd7 Nf4 40.
Ke1 a5 41. h4 b5 42. hxg5 hxg5 43. Rf7+ Ke8 44. Rb7 b4 45. Rg7 Rc5 46. Kd2 Re5
47. f3 Nd5 48. Kd3 Ne7 49. Kd4 Rf5 50. Be6 Rb5 51. Rh7 Kd8 52. Bb3 Rf5 53. Rg7
Nc6+ 54. Ke4 Re5+ 55. Kd3 Rc5 56. Ke4 Ne7 57. Kd4 Rf5 58. Ke4 Rb5 59. Rh7 Rc5
60. Rg7 Kd7 61. f4 gxf4 62. Kxf4 Kd6 63. Ke4 Nc6 64. Rg6+ Kc7 65. Ba4 Nd8 66.
Kd4 Rc3 67. Rg7+ Kc8 68. Rg8 Rc1 69. Rh8 Kc7 70. Rh7+ Kb6 71. Rh6+ Ka7 72. Rh7+
Nb7 73. Rg7 Rc8 74. Rh7 Kb8 75. Bb3 Rc3 76. Ba4 Nc5 77. Bb5 Ne6+ 78. Ke5 Nc7
79. Ba4 Rd3 80. Ke4 Rd2 81. Bb3 Kb7 82. Rh5 Kb6 83. Rh6+ Kb7 84. Rh5 a4 85.
Bxa4 Rxa2 86. Bb3 Rd2 87. Ke3 Rb2 88. Bc4 Kb6 89. Kd3 Rg2 90. Rh6+ Kc5 91. Rh5+
Kb6 92. Rh6+ Ka5 93. Rc6 Rg3+ 94. Kc2 Nb5 95. Bxb5 Kxb5 96. Rf6 Ka4 97. Ra6+
Kb5 98. Rf6 Rh3 99. Kb2 Rh2+ 1/2-1/2

[Event "SERBIA CHESS OPEN 2021 - MASTERS"]
[Site "Belgrade, Hotel Metropol"]
[Date "2021.07.03"]
[Round "3.3"]
[White "Kovalenko, Igor"]
[Black "Erenberg, Ariel"]
[Result "1-0"]
[WhiteElo "2643"]
[BlackElo "2506"]
[PlyCount "109"]
[EventDate "2021.??.??"]

1. e4 e5 2. Nf3 Nc6 3. Bb5 a6 4. Bxc6 dxc6 5. O-O Qf6 6. d4 exd4 7. Bg5 Qd6 8.
Nxd4 Be7 9. Bxe7 Nxe7 10. Nc3 Bd7 11. Nde2 Qxd1 12. Raxd1 O-O-O 13. Nf4 b6 14.
Nh5 Rhg8 15. f3 c5 16. Rf2 Bc6 17. Rxd8+ Kxd8 18. g4 f6 19. Rd2+ Kc8 20. Ne2
Be8 21. Neg3 Bf7 22. a3 a5 23. Kf2 c6 24. f4 Kc7 25. Kf3 a4 26. h4 b5 27. c3 h6
28. f5 Nc8 29. g5 hxg5 30. hxg5 fxg5 31. Kg4 Nd6 32. e5 Nc4 33. Re2 Bd5 34. e6
Kd6 35. Kxg5 Ne5 36. Ne4+ Bxe4 37. Rxe4 g6 38. Nf6 gxf5+ 39. Kxf5 Rg1 40. Rxe5
Rf1+ 41. Kg5 Kxe5 42. e7 Rf5+ 43. Kg4 Rf4+ 44. Kg3 Rxf6 45. e8=Q+ Re6 46. Qd7
c4 47. Qd4+ Kf5 48. Qf4+ Kg6 49. Kg4 Kg7 50. Kh5 Rf6 51. Qc7+ Kf8 52. Qd8+ Kf7
53. Qd7+ Kf8 54. Kg5 Rf2 55. Qd8+ 1-0

[Event "SERBIA CHESS OPEN 2021 - MASTERS"]
[Site "Belgrade, Hotel Metropol"]
[Date "2021.07.03"]
[Round "3.4"]
[White "Sturt, Raven"]
[Black "Ter-Sahakyan, Samvel"]
[Result "1/2-1/2"]
[WhiteElo "2500"]
[BlackElo "2643"]
[PlyCount "123"]
[EventDate "2021.??.??"]

1. d4 Nf6 2. c4 e6 3. Nf3 d5 4. Nc3 Be7 5. Bf4 O-O 6. e3 c5 7. dxc5 Bxc5 8. a3
Nc6 9. Qc2 Qa5 10. Rd1 Rd8 11. Nd2 d4 12. Nb3 Qb6 13. Na4 Bb4+ 14. axb4 Qxb4+
15. Nd2 Qa5 16. Qb3 e5 17. Bg5 Nb4 18. Bxf6 gxf6 19. Be2 Bd7 20. Ra1 dxe3 21.
fxe3 b5 22. O-O bxa4 23. Qc3 f5 24. Nf3 f6 25. Nh4 Nc6 26. Qa3 e4 27. c5 Qb4
28. Nxf5 Qxa3 29. bxa3 Bxf5 30. Rxf5 Kg7 31. Rf4 Rd2 32. Bb5 Ne5 33. Rxe4 Rb8
34. Bf1 Rc2 35. Rb4 Rd8 36. Rxa4 Rd7 37. Ra5 Rc7 38. Rb1 Kg6 39. h3 R2xc5 40.
Rxc5 Rxc5 41. Rb5 Rc3 42. Ra5 Rc7 43. Kf2 h5 44. Kg3 Kg5 45. h4+ Kg6 46. Bb5
Re7 47. Be2 Rc7 48. Kf4 Rc2 49. Bf3 Rc4+ 50. Kg3 Rc7 51. Be4+ Kg7 52. Bf5 Nc4
53. Ra4 Nxe3 54. Be4 Nc4 55. Kf4 Ne5 56. Ke3 Ng6 57. g3 Rc3+ 58. Kd4 Rxg3 59.
Rxa7+ Kh6 60. Rf7 Rxa3 61. Rxf6 Rg3 62. Rxg6+ 1/2-1/2

[Event "SERBIA CHESS OPEN 2021 - MASTERS"]
[Site "Belgrade, Hotel Metropol"]
[Date "2021.07.03"]
[Round "3.5"]
[White "Sadikhov, Ulvi"]
[Black "Petrosyan, Manuel"]
[Result "0-1"]
[WhiteElo "2490"]
[BlackElo "2632"]
[PlyCount "80"]
[EventDate "2021.??.??"]

1. c4 e6 2. g3 d5 3. Bg2 dxc4 4. Qa4+ c6 5. Qxc4 b5 6. Qc2 Bb7 7. Nf3 c5 8. a4
a6 9. Nc3 Qb6 10. O-O Nd7 11. d3 Rc8 12. axb5 axb5 13. Qb3 b4 14. Ne4 c4 15.
Qa4 Bc6 16. Qc2 Bxe4 17. dxe4 b3 18. Qc3 Ngf6 19. Be3 Bb4 20. Bxb6 Bxc3 21. Bd4
Bxd4 22. Nxd4 O-O 23. Nb5 Nb6 24. Rfd1 Ra8 25. Nc3 e5 26. e3 Rxa1 27. Rxa1 Ra8
28. Rxa8+ Nxa8 29. Bh3 Kf8 30. Kf1 Nb6 31. Ke1 Ke7 32. Kd2 Kd6 33. f3 Ne8 34.
Bf1 Kc5 35. g4 g5 36. Be2 Nd6 37. Kc1 Nb5 38. Bd1 Nxc3 39. bxc3 Na4 40. Kd2 f6
0-1

[Event "SERBIA CHESS OPEN 2021 - MASTERS"]
[Site "Belgrade, Hotel Metropol"]
[Date "2021.07.03"]
[Round "3.6"]
[White "Arnaudov, G. Petar"]
[Black "Nihal, Sarin"]
[Result "1/2-1/2"]
[WhiteElo "2471"]
[BlackElo "2620"]
[PlyCount "155"]
[EventDate "2021.??.??"]

1. d4 d5 2. c4 e6 3. Nf3 Nf6 4. g3 h6 5. Bg2 Bd6 6. O-O O-O 7. Nc3 Nc6 8. c5
Be7 9. Qc2 b6 10. cxb6 axb6 11. a3 Na5 12. b4 Nc4 13. Nd2 Nxd2 14. Bxd2 Bb7 15.
Qb3 Qd7 16. b5 Ne4 17. Nxe4 dxe4 18. a4 Bd5 19. Qb1 f5 20. Bf4 Rfc8 21. Be5 Bd6
22. Rc1 Bxe5 23. dxe5 c5 24. bxc6 Rxc6 25. Rxc6 Qxc6 26. Qb4 Qc7 27. Qd4 Ra5
28. e3 Bb3 29. Bf1 Qxe5 30. Qxe5 Rxe5 31. h4 Rc5 32. Bb5 Kf7 33. Kf1 Kf6 34.
Ke1 Rc2 35. Rb1 Bd5 36. Be2 Rc6 37. Rb5 g5 38. hxg5+ hxg5 39. a5 bxa5 40. Rxa5
Rc2 41. Ra7 Rb2 42. Rd7 Rb8 43. Kd2 Rg8 44. Ke1 Ke5 45. Rf7 Rc8 46. Kd2 Ra8 47.
Ke1 Ra2 48. Rf8 Bb3 49. Rb8 Ra3 50. Rb6 Ra1+ 51. Kd2 Ra2+ 52. Ke1 Bd5 53. Rb8
Kf6 54. Rf8+ Kg7 55. Rd8 Rb2 56. Rd7+ Kg6 57. Rd8 Ba2 58. Rd6 Kf6 59. Rc6 Bd5
60. Rc8 Rb6 61. Rf8+ Kg7 62. Rd8 Ba2 63. Ra8 Rb1+ 64. Kd2 Rb2+ 65. Ke1 Kf7 66.
Ra7+ Kg6 67. Rc7 Kf6 68. Rc6 Rb8 69. Bc4 Bxc4 70. Rxc4 Rb1+ 71. Ke2 Kg6 72. Rc6
Kh5 73. Rxe6 Kg4 74. Re5 Rb2+ 75. Ke1 Ra2 76. Rb5 Ra1+ 77. Ke2 Ra2+ 78. Ke1
1/2-1/2

[Event "SERBIA CHESS OPEN 2021 - MASTERS"]
[Site "Belgrade, Hotel Metropol"]
[Date "2021.07.03"]
[Round "3.7"]
[White "Indjic, Aleksandar"]
[Black "Gavrilescu, David"]
[Result "1-0"]
[WhiteElo "2607"]
[BlackElo "2470"]
[PlyCount "83"]
[EventDate "2021.??.??"]

1. c4 e6 2. g3 d5 3. Bg2 d4 4. Nf3 Nf6 5. O-O c5 6. d3 Nc6 7. e3 Bd6 8. exd4
cxd4 9. Bg5 h6 10. Bxf6 Qxf6 11. Nbd2 Qe7 12. a3 a5 13. Rc1 O-O 14. Ne4 Bc7 15.
c5 Rd8 16. Nfd2 Bd7 17. Nc4 Ne5 18. Nxe5 Bxe5 19. Re1 Bc6 20. Nd2 Bxg2 21. Kxg2
Bc7 22. Qf3 Rab8 23. h4 a4 24. Re2 Qd7 25. g4 Qd5 26. Ne4 b5 27. cxb6 Bxb6 28.
g5 Qf5 29. Qg3 h5 30. Rc4 Ra8 31. Rec2 Kh7 32. Rb4 Ba7 33. Qf3 Qxf3+ 34. Kxf3
Bb8 35. Rcc4 Be5 36. Rxa4 Rxa4 37. Rxa4 Rc8 38. Ra5 Bh2 39. b4 Rc2 40. b5 Rb2
41. a4 Rb3 42. Nc5 1-0

[Event "SERBIA CHESS OPEN 2021 - MASTERS"]
[Site "Belgrade, Hotel Metropol"]
[Date "2021.07.03"]
[Round "3.8"]
[White "Gokerkan, Cem Kaan"]
[Black "Shevchenko, Kirill"]
[Result "0-1"]
[WhiteElo "2470"]
[BlackElo "2605"]
[PlyCount "102"]
[EventDate "2021.??.??"]

1. e4 c5 2. Nf3 d6 3. d4 cxd4 4. Nxd4 Nf6 5. Nc3 Nc6 6. Bc4 Bd7 7. O-O g6 8.
Nxc6 Bxc6 9. Bg5 Bg7 10. Re1 h6 11. Bh4 O-O 12. Bb3 b5 13. Qd3 Qb6 14. a4 bxa4
15. Nxa4 Qb4 16. Nc3 a5 17. Ra2 a4 18. Bxf6 Bxf6 19. Nd5 Bxd5 20. Bxd5 Bxb2 21.
Rb1 a3 22. Bxa8 Rxa8 23. h4 Ra4 24. h5 g5 25. g3 Qxe4 26. Raxb2 axb2 27. Qxe4
Rxe4 28. Rxb2 Rc4 29. Kf1 g4 30. Ke2 Rc5 31. Ke3 Rxh5 32. Kf4 Rg5 33. Rb7 e6
34. c4 Rc5 35. Kxg4 Rxc4+ 36. f4 Kg7 37. Rd7 d5 38. Rd8 Rc1 39. Rd7 Kg6 40. Rd8
h5+ 41. Kf3 Rc3+ 42. Kg2 Kf5 43. Rh8 Ke4 44. Rxh5 Rc2+ 45. Kh3 d4 46. Kg4 f5+
47. Kg5 d3 48. Rh6 d2 49. Rxe6+ Kd5 50. Re8 Rc6 51. Re5+ Kc4 0-1

[Event "SERBIA CHESS OPEN 2021 - MASTERS"]
[Site "Belgrade, Hotel Metropol"]
[Date "2021.07.03"]
[Round "3.9"]
[White "Gharibyan, Mamikon"]
[Black "Ivic, Velimir"]
[Result "1/2-1/2"]
[WhiteElo "2464"]
[BlackElo "2582"]
[PlyCount "96"]
[EventDate "2021.??.??"]

1. d4 Nf6 2. c4 g6 3. Nc3 d5 4. cxd5 Nxd5 5. Bd2 c5 6. Rc1 Nc6 7. dxc5 Bg7 8.
Nf3 O-O 9. e4 Nxc3 10. Bxc3 Qxd1+ 11. Kxd1 Bg4 12. Bb5 Rfd8+ 13. Kc2 Rac8 14.
Rhd1 Bxf3 15. gxf3 Nd4+ 16. Bxd4 Bxd4 17. b4 Bxf2 18. Kb3 e6 19. a4 Kf8 20. a5
Ke7 21. Rxd8 Rxd8 22. c6 bxc6 23. Rxc6 Rd1 24. Rc7+ Kf8 25. Bc4 h5 26. f4 Rh1
27. f5 gxf5 28. exf5 exf5 29. Rxf7+ Ke8 30. Rxf5 Rxh2 31. Bf7+ Ke7 32. Bxh5 Kd6
33. Bf3 Be3 34. Rd5+ Kc7 35. Rd3 Bf2 36. Rc3+ Kd6 37. Rc6+ Ke5 38. Ka4 Rh4 39.
Rc2 Bg1 40. Kb5 Rf4 41. Be2 Be3 42. Rc8 Bf2 43. Bc4 Rf6 44. Rd8 Rd6 45. Re8+
Kd4 46. Be6 Kc3 47. Rc8+ Kb2 48. Rc6 Rxc6 1/2-1/2

[Event "SERBIA CHESS OPEN 2021 - MASTERS"]
[Site "Belgrade, Hotel Metropol"]
[Date "2021.07.03"]
[Round "3.10"]
[White "Kilgus, Georg"]
[Black "Asadli, Vugar"]
[Result "0-1"]
[WhiteElo "2452"]
[BlackElo "2574"]
[PlyCount "50"]
[EventDate "2021.??.??"]

1. e4 e5 2. Nf3 Nc6 3. Bc4 Nf6 4. d3 h6 5. O-O d6 6. a4 g5 7. Nc3 Bg7 8. a5 a6
9. d4 Nxe4 10. Nxe4 d5 11. Nxe5 dxc4 12. Nxc6 bxc6 13. c3 O-O 14. f4 Bf5 15.
Nc5 g4 16. Qe2 Qd5 17. Ra4 Rfe8 18. Qxc4 Qxc4 19. Rxc4 Re2 20. Rf2 Re1+ 21. Rf1
Rae8 22. Bd2 R1e2 23. Rf2 Bf8 24. Ra4 Bxc5 25. dxc5 Bd3 0-1

[Event "SERBIA CHESS OPEN 2021 - MASTERS"]
[Site "Belgrade, Hotel Metropol"]
[Date "2021.07.03"]
[Round "3.12"]
[White "Ahmadzada, Ahmad"]
[Black "Perunovic, Milos"]
[Result "1/2-1/2"]
[WhiteElo "2431"]
[BlackElo "2567"]
[PlyCount "62"]
[EventDate "2021.??.??"]

1. d4 d5 2. Nf3 Nf6 3. Bf4 c5 4. e3 Nc6 5. c3 Nh5 6. Be5 f6 7. Bg3 cxd4 8. exd4
g6 9. c4 Bg4 10. Nc3 Bxf3 11. gxf3 e6 12. cxd5 exd5 13. Qb3 Bb4 14. Bb5 O-O 15.
O-O Bxc3 16. bxc3 Rf7 17. Rfe1 Rc8 18. Re6 a6 19. Bxc6 Rxc6 20. Rae1 Ng7 21.
Rxc6 bxc6 22. Qa3 Qc8 23. Kg2 Nf5 24. Re2 Kg7 25. h3 h5 26. Rb2 Re7 27. Rb8 Qe6
28. Qxa6 Nxg3 29. fxg3 Qe1 30. Rb7 Qd2+ 31. Kg1 Qe1+ 1/2-1/2

[Event "SERBIA CHESS OPEN 2021 - MASTERS"]
[Site "Belgrade, Hotel Metropol"]
[Date "2021.07.03"]
[Round "3.13"]
[White "Sanal, Vahap"]
[Black "Stukan, Martin"]
[Result "1/2-1/2"]
[WhiteElo "2556"]
[BlackElo "2431"]
[PlyCount "79"]
[EventDate "2021.??.??"]

1. e4 c5 2. Nc3 d6 3. Bb5+ Bd7 4. Bxd7+ Qxd7 5. d4 cxd4 6. Qxd4 Nc6 7. Qd3 g6
8. Nf3 Bg7 9. O-O Nf6 10. Bg5 h6 11. Bd2 Qd8 12. Nd5 Nd7 13. Bc3 O-O 14. Bxg7
Kxg7 15. c4 Nde5 16. Qe2 e6 17. Nc3 Qf6 18. Nd2 Nd4 19. Qd1 Qf4 20. Ne2 Qxd2
21. Nxd4 Qxd1 22. Raxd1 Nxc4 23. b3 Nb6 24. a4 a6 25. Nc2 Rfd8 26. Ne3 a5 27.
Rd3 Kf8 28. f4 d5 29. exd5 Nxd5 30. Rfd1 Ra6 31. Nxd5 exd5 32. Rxd5 Rxd5 33.
Rxd5 Rb6 34. Rd3 Rb4 35. g3 b5 36. axb5 Rxb5 37. Kf2 Rb4 38. Ke3 a4 39. bxa4
Rxa4 40. Kf3 1/2-1/2

[Event "SERBIA CHESS OPEN 2021 - MASTERS"]
[Site "Belgrade, Hotel Metropol"]
[Date "2021.07.03"]
[Round "3.14"]
[White "Pranav, V."]
[Black "Sadhwani, Raunak"]
[Result "1/2-1/2"]
[WhiteElo "2366"]
[BlackElo "2555"]
[PlyCount "84"]
[EventDate "2021.??.??"]

1. e4 e5 2. Nf3 Nc6 3. Nc3 Nf6 4. g3 Bc5 5. Bg2 d6 6. d3 a6 7. O-O h6 8. Nd5
Be6 9. Nh4 Bxd5 10. exd5 Ne7 11. c4 g5 12. Nf3 Nf5 13. b4 Ba7 14. Nd2 g4 15.
Nb3 h5 16. Bb2 Qd7 17. c5 Kf8 18. Qc2 h4 19. Rfe1 Rh5 20. Rad1 Kg7 21. d4 e4
22. Bxe4 hxg3 23. fxg3 Rah8 24. Rd2 Ne7 25. Rf2 Nexd5 26. Bxd5 Nxd5 27. Qe4 f6
28. Nc1 a5 29. a3 axb4 30. axb4 Kf7 31. Ba1 Bb8 32. Ref1 Qe6 33. Qd3 c6 34. Ne2
R8h6 35. Bc3 Qe3 36. Qxe3 Nxe3 37. Rb1 Rh8 38. b5 Nd5 39. Ba1 Kg6 40. bxc6 bxc6
41. Rc1 dxc5 42. Rxc5 Nb4 1/2-1/2

[Event "SERBIA CHESS OPEN 2021 - MASTERS"]
[Site "Belgrade, Hotel Metropol"]
[Date "2021.07.03"]
[Round "3.15"]
[White "Basso, Pier Luigi"]
[Black "Bharath, Subramaniyam H"]
[Result "1-0"]
[WhiteElo "2550"]
[BlackElo "2426"]
[PlyCount "94"]
[EventDate "2021.??.??"]

1. d4 d5 2. c4 c6 3. Nf3 Nf6 4. Nc3 e6 5. Bg5 h6 6. Bh4 dxc4 7. e4 g5 8. Bg3 b5
9. Be2 Bb7 10. h4 g4 11. Ne5 Rg8 12. Bxg4 Nbd7 13. Nxd7 Qxd7 14. Bf3 O-O-O 15.
Qd2 Rxg3 16. fxg3 e5 17. O-O-O exd4 18. Qf4 Qe7 19. e5 Nd7 20. Rxd4 Nxe5 21.
Bg4+ Kc7 22. Rxd8 Kxd8 23. Rd1+ Ke8 24. Ne4 Bg7 25. Nd6+ Kf8 26. Nf5 Qf6 27.
Qxe5 Qxe5 28. Rd8+ Qe8 29. Rxe8+ Kxe8 30. Nxg7+ Ke7 31. Nf5+ Kf6 32. Nxh6 c5
33. Bf3 Bc8 34. Ng4+ Ke6 35. a4 a6 36. Bc6 bxa4 37. Ne3 Ke5 38. Nxc4+ Kd4 39.
Nd6 Be6 40. h5 f6 41. h6 Bg8 42. Bxa4 Ke5 43. Nc4+ Kd4 44. Nd2 f5 45. Bb3 Bh7
46. Nf3+ Ke3 47. Bf7 Bg6 1-0

[Event "SERBIA CHESS OPEN 2021 - MASTERS"]
[Site "Belgrade, Hotel Metropol"]
[Date "2021.07.03"]
[Round "3.16"]
[White "Baglan, Esat"]
[Black "Bjerre, Jonas Buhl"]
[Result "1/2-1/2"]
[WhiteElo "2359"]
[BlackElo "2546"]
[PlyCount "84"]
[EventDate "2021.??.??"]

1. e4 c5 2. Nf3 d6 3. Bb5+ Bd7 4. Bxd7+ Nxd7 5. O-O Ngf6 6. Qe2 e6 7. d4 cxd4
8. Nxd4 Qa5 9. Rd1 Rc8 10. c4 a6 11. b3 g5 12. Bb2 Rg8 13. Nd2 g4 14. Kh1 h5
15. a3 h4 16. f4 gxf3 17. gxf3 Bh6 18. b4 Qg5 19. N2b3 Qe3 20. Qf1 Qg5 21. Qe2
Ke7 22. c5 dxc5 23. Nxc5 Nxc5 24. bxc5 h3 25. Rg1 Qe3 26. Qc2 Qd2 27. Qxd2
Rxg1+ 28. Rxg1 Bxd2 29. Rg3 Be3 30. Rxh3 Rxc5 31. Rh8 Rc4 32. Nb3 Nd7 33. h4 e5
34. h5 Rc2 35. Ba1 Rc6 36. Kg2 b6 37. Kf1 Rc2 38. Ke1 a5 39. Kd1 Rh2 40. Bc3
Ke6 41. Bd2 a4 42. Bxe3 axb3 1/2-1/2

[Event "SERBIA CHESS OPEN 2021 - MASTERS"]
[Site "Belgrade, Hotel Metropol"]
[Date "2021.07.03"]
[Round "3.17"]
[White "Aleksandrov, Aleksej"]
[Black "Karacsonyi, Gellert"]
[Result "1/2-1/2"]
[WhiteElo "2535"]
[BlackElo "2340"]
[PlyCount "61"]
[EventDate "2021.??.??"]

1. Nf3 c5 2. e3 Nc6 3. d4 cxd4 4. exd4 d5 5. c3 Bg4 6. Bf4 e6 7. Nbd2 Bd6 8.
Bxd6 Qxd6 9. Bd3 Nf6 10. O-O O-O 11. Re1 a6 12. a4 Bh5 13. a5 Rfe8 14. h3 Nd7
15. Qc2 Bg6 16. Bxg6 hxg6 17. Nb3 e5 18. dxe5 Ndxe5 19. Nxe5 Rxe5 20. Rxe5 Qxe5
21. Qd2 Rd8 22. Ra4 d4 23. Nxd4 Nxa5 24. Qe3 Qc7 25. Qg3 Qxg3 26. fxg3 Rd5 27.
Kf1 Kf8 28. Ke2 Ke7 29. g4 Kd6 30. b3 Nc6 31. Nxc6 1/2-1/2

[Event "SERBIA CHESS OPEN 2021 - MASTERS"]
[Site "Belgrade, Hotel Metropol"]
[Date "2021.07.03"]
[Round "3.18"]
[White "Ozenir, Ekin Baris"]
[Black "Warmerdam, Max"]
[Result "1-0"]
[WhiteElo "2331"]
[BlackElo "2535"]
[PlyCount "105"]
[EventDate "2021.??.??"]

1. d4 Nf6 2. Bg5 Ne4 3. h4 c5 4. d5 d6 5. Nd2 Nxg5 6. hxg5 e5 7. g6 fxg6 8. e3
Qe7 9. Ne4 Bf5 10. Ng3 e4 11. N1e2 Nd7 12. Nf4 O-O-O 13. Nxf5 gxf5 14. Ng6 hxg6
15. Rxh8 Qe5 16. c3 Nf6 17. Be2 Be7 18. Rxd8+ Bxd8 19. g3 Qe8 20. Qd2 Qh8 21.
O-O-O Nd7 22. g4 Ne5 23. gxf5 gxf5 24. Qe1 Bh4 25. Qh1 g5 26. f4 exf3 27. Bxf3
Nc4 28. Qh3 Nxe3 29. Be4 Nxd1 30. Qxf5+ Kb8 31. Kxd1 a6 32. Kc2 Qe8 33. a3 Bg3
34. Kb1 Bf4 35. Bf3 Qe3 36. Bg4 Ka7 37. Ka2 Qg1 38. Bh5 Qg2 39. Qd3 g4 40. Bg6
Bc1 41. Qc2 Qxd5+ 42. c4 Qg5 43. Be4 g3 44. Bd5 Bf4 45. Qh7 Qxd5 46. cxd5 Be5
47. Qe4 b5 48. a4 Kb6 49. Ka3 c4 50. b4 cxb3 51. Kxb3 Kc5 52. a5 Bd4 53. Qc2+
1-0

[Event "SERBIA CHESS OPEN 2021 - MASTERS"]
[Site "Belgrade, Hotel Metropol"]
[Date "2021.07.03"]
[Round "3.19"]
[White "Bogosavljevic, Boban"]
[Black "Yordanov, Lachezar"]
[Result "1-0"]
[WhiteElo "2527"]
[BlackElo "2325"]
[PlyCount "119"]
[EventDate "2021.??.??"]

1. Nf3 Nf6 2. g3 e6 3. Bg2 d5 4. O-O Be7 5. d4 O-O 6. c4 c6 7. Qc2 b6 8. Nbd2
Bb7 9. e4 Na6 10. a3 c5 11. exd5 exd5 12. dxc5 Nxc5 13. b4 Ne6 14. Bb2 dxc4 15.
Nxc4 Rc8 16. Rfd1 Qc7 17. Rac1 b5 18. Ne3 Qxc2 19. Nxc2 Rfd8 20. Ncd4 Bxf3 21.
Nxf3 Rxd1+ 22. Rxd1 Rc2 23. Rd2 Rxd2 24. Nxd2 Ne8 25. Bc6 Nd6 26. Be5 a6 27.
Kf1 Kf8 28. Ke2 f6 29. Bb2 Bd8 30. Kd3 Bb6 31. f4 Ke7 32. Bc3 Kd8 33. Ne4 Kc7
34. Bd5 Kd7 35. Nxd6 Kxd6 36. Bb7 a5 37. Be4 axb4 38. Bxb4+ Bc5 39. Bxh7 Bxb4
40. axb4 Nc7 41. Be4 Na6 42. Kc3 Nc7 43. h4 Ne6 44. h5 Nc7 45. Bb7 f5 46. Kd3
Ne8 47. Ke3 Nf6 48. Bf3 Nd7 49. g4 fxg4 50. Bxg4 Nf6 51. Bf3 Ke6 52. Kd4 Kd6
53. f5 Nd7 54. Bd1 Nf6 55. Be2 Nd5 56. Bxb5 Nxb4 57. f6 Nd5 58. fxg7 Ne7 59.
Bc4 Nf5+ 60. Ke4 1-0

[Event "SERBIA CHESS OPEN 2021 - MASTERS"]
[Site "Belgrade, Hotel Metropol"]
[Date "2021.07.03"]
[Round "3.20"]
[White "Pichot, Alan"]
[Black "Lundin, Jan"]
[Result "1-0"]
[WhiteElo "2630"]
[BlackElo "2114"]
[PlyCount "63"]
[EventDate "2021.??.??"]

1. e4 c6 2. d4 d5 3. e5 Bf5 4. h4 Qb6 5. a4 a5 6. Ne2 Bd7 7. h5 e6 8. c3 c5 9.
Na3 f6 10. Nb5 Bxb5 11. axb5 cxd4 12. exf6 Nxf6 13. Nxd4 Bc5 14. Be3 e5 15. b4
Bxd4 16. cxd4 e4 17. Qa4 g6 18. h6 O-O 19. Be2 Nbd7 20. bxa5 Qd6 21. O-O Nb6
22. Qb3 Nc4 23. Bxc4 Ng4 24. Bxd5+ Kh8 25. g3 Rf3 26. Bf4 Qf8 27. Qxf3 exf3 28.
a6 g5 29. axb7 Rd8 30. Ra8 gxf4 31. Rxd8 Qxd8 32. Rc1 1-0

[Event "SERBIA CHESS OPEN 2021 - MASTERS"]
[Site "Belgrade, Hotel Metropol"]
[Date "2021.07.03"]
[Round "3.21"]
[White "Akshat, Khamparia"]
[Black "Bernadskiy, Vitaliy"]
[Result "0-1"]
[WhiteElo "2406"]
[BlackElo "2606"]
[PlyCount "76"]
[EventDate "2021.??.??"]

1. d4 d6 2. Nf3 g6 3. c4 Bg7 4. Nc3 Nc6 5. d5 Ne5 6. e4 Nxf3+ 7. Qxf3 Nf6 8. h3
O-O 9. Be2 a5 10. Bd2 e6 11. O-O Nd7 12. Rfe1 e5 13. Qg3 Nc5 14. h4 f5 15. exf5
gxf5 16. Bh6 Rf7 17. Bh5 Rd7 18. f4 e4 19. Re3 Kh8 20. Bg5 Qf8 21. Rd1 h6 22.
Bg6 Kg8 23. Ne2 Bxb2 24. Bxf5 Rg7 25. Bxc8 Qxc8 26. Rb1 hxg5 27. hxg5 Bf6 28.
Qf2 Be7 29. Rh3 Qg4 30. Rh4 Qf5 31. g4 Bxg5 32. fxg5 Qxf2+ 33. Kxf2 Rf8+ 34.
Kg2 e3 35. Rf1 Rgf7 36. Rxf7 Rxf7 37. Kg1 Rf3 38. Nd4 Rf4 0-1

[Event "SERBIA CHESS OPEN 2021 - MASTERS"]
[Site "Belgrade, Hotel Metropol"]
[Date "2021.07.03"]
[Round "3.22"]
[White "Ivanisevic, Ivan"]
[Black "Agmanov, Zhandos"]
[Result "0-1"]
[WhiteElo "2606"]
[BlackElo "2404"]
[PlyCount "125"]
[EventDate "2021.??.??"]

1. d4 e6 2. c4 Nf6 3. Nc3 Bb4 4. e3 O-O 5. Bd3 d5 6. cxd5 exd5 7. Nge2 c6 8.
O-O Bd6 9. f3 c5 10. Bd2 Nc6 11. Rc1 a6 12. Kh1 Re8 13. Bb1 cxd4 14. exd4 Nh5
15. Be1 Nf4 16. Bg3 Nxe2 17. Nxe2 Bxg3 18. Nxg3 Qh4 19. Ne2 Qf6 20. a3 Be6 21.
Qd2 Rac8 22. Ba2 Qd8 23. Rc5 b6 24. Rc3 Qd6 25. Rfc1 Ne7 26. Qf4 Qxf4 27. Nxf4
Rxc3 28. bxc3 Rc8 29. g4 Kf8 30. Kg1 Ke8 31. Kf2 g6 32. Ke3 Kd7 33. Kd2 Kd6 34.
Rb1 Rb8 35. Bb3 Nc6 36. Bc2 Na5 37. Bd3 b5 38. h4 Bd7 39. a4 Bc6 40. axb5 axb5
41. Ke3 Nc4+ 42. Bxc4 dxc4 43. Rb2 Re8+ 44. Kf2 Ra8 45. Ne2 Ra3 46. Ke3 Rb3 47.
Rc2 b4 48. Kf4 f6 49. g5 f5 50. h5 Ra3 51. hxg6 hxg6 52. Ke3 b3 53. Rc1 Ra2 54.
Nf4 Ba4 55. Rb1 Rc2 56. Nxg6 Rxc3+ 57. Kf4 Rd3 58. Ne5 Rxd4+ 59. Kxf5 c3 60. g6
c2 61. Rh1 b2 62. g7 b1=Q 63. Rh6+ 0-1

[Event "SERBIA CHESS OPEN 2021 - MASTERS"]
[Site "Belgrade, Hotel Metropol"]
[Date "2021.07.03"]
[Round "3.23"]
[White "Safarli, Eltaj"]
[Black "Sargsyan, Anna M"]
[Result "1-0"]
[WhiteElo "2604"]
[BlackElo "2397"]
[PlyCount "73"]
[EventDate "2021.??.??"]

1. e4 e5 2. Nf3 Nc6 3. Bb5 a6 4. Ba4 Nf6 5. Nc3 b5 6. Bb3 Be7 7. a4 b4 8. Nd5
d6 9. d4 O-O 10. Nxf6+ Bxf6 11. Bd5 Bb7 12. dxe5 dxe5 13. Be3 Re8 14. Qd3 Na5
15. O-O-O c6 16. Ba2 Qxd3 17. Rxd3 c5 18. Bd5 c4 19. Bxb7 Nxb7 20. Rd7 Nd8 21.
Rhd1 Nc6 22. Rc7 Rec8 23. Rdd7 Bd8 24. Rb7 Na5 25. Rxb4 f6 26. Nh4 g6 27. Nf3
Rc6 28. g4 Re6 29. h4 Re7 30. Rd5 Kf7 31. g5 Re8 32. gxf6 Bxf6 33. Bd2 Kf8 34.
Bc3 Re6 35. Rd7 Rc8 36. Rxh7 Bd8 37. Nxe5 1-0

[Event "SERBIA CHESS OPEN 2021 - MASTERS"]
[Site "Belgrade, Hotel Metropol"]
[Date "2021.07.03"]
[Round "3.24"]
[White "Puranik, Abhimanyu"]
[Black "Yankelevich, Lev"]
[Result "1/2-1/2"]
[WhiteElo "2589"]
[BlackElo "2389"]
[PlyCount "125"]
[EventDate "2021.??.??"]

1. e4 e5 2. Nf3 Nf6 3. d4 Nxe4 4. Bd3 d5 5. Nxe5 Nd7 6. O-O Bd6 7. Nxd7 Bxd7 8.
Nc3 Nxc3 9. bxc3 Qh4 10. Re1+ Be6 11. g3 Qh3 12. c4 dxc4 13. Bxc4 O-O-O 14.
Bxe6+ fxe6 15. Rb1 h5 16. Qf3 b6 17. Rb5 Rdf8 18. Qe4 h4 19. Qxe6+ Qxe6 20.
Rxe6 Re8 21. Rxe8+ Rxe8 22. Kf1 c5 23. Be3 Kd7 24. c4 hxg3 25. hxg3 cxd4 26.
Bxd4 g6 27. Rg5 Re4 28. Rd5 Kc6 29. f3 Re6 30. Kf2 a6 31. a4 Be7 32. f4 Rd6 33.
Rxd6+ Bxd6 34. Kf3 b5 35. cxb5+ axb5 36. axb5+ Kxb5 37. Bf6 Bf8 38. Kg4 Bh6 39.
f5 gxf5+ 40. Kxf5 Kc6 41. Ke6 Be3 42. Be5 Bf2 43. g4 Be3 44. Bf6 Bd2 45. Bh4
Be3 46. Kf6 Kd7 47. Bg5 Bc5 48. Kf7 Bb6 49. Bf4 Bd8 50. Kg6 Ke6 51. Bg5 Bb6 52.
Bf6 Be3 53. Bg7 Bd2 54. Bh6 Bb4 55. Bg5 Bc3 56. Bd8 Bd2 57. Kg7 Be3 58. Kg6 Bd2
59. Bg5 Bc3 60. Kh7 Kf7 61. Bh6 Bf6 62. g5 Bxg5 63. Bxg5 1/2-1/2